banner-ar

معانى القرأن / (Record no. 30070)

MARC details
000 -الفاتح
حقل البيانات ثابتة الطول 01177nam a2200265Ia 4500
005 - وقت وتاريخ اخر تعامل مع التسجيلة
رقم الضبط 20240530102135.0
008 - عناصر البيانات ثابتة الطول - معلومات عامة
حقل البيانات ثابتة الطول 140319s9999 xx 000 0 ara d
040 ## - مصدر الفهرسة
وكالة الفهرسة الأصلية GCL /
وكالة النسخ GCL
082 04 - رقم تصنيف ديوى العشرى
رقم التصنيف 227/
رقم المادة ف م
100 1# - المدخل الرئيسى - إسم شخصى
الإسم الشخصى الفراء، ابو زكريا يحيى بن زياد بن عبدالله بن منظور الديلمى
245 10 - بيان العنوان
العنوان معانى القرأن /
بيان المسئوليه,etc ابى زكريا يحيى بن زياد الفراء ؛ اعداد ودراسة ابراهيم الدسوقى عبدالعزيز ؛ اشراف ومراجعة عبدالصبور شاهين
260 ## - PUBLICATION, DISTRIBUTION, ETC. (IMPRINT)
تاريخ النشر أو التوزيع 1989
300 ## - الوصف المادى
التعداد 354 ص
490 ## - بيان السلسلة
عنوان السلسلة تقريب التراث
رقم المجلد/ التعيين التسلسلي 0
650 04 - المدخل الاضافى بالموضوع-مصطلح موضوعى
مصطلح موضوعي القران - تفسير
650 04 - المدخل الاضافى بالموضوع-مصطلح موضوعى
مصطلح موضوعي تفسير القران الكريم
650 04 - المدخل الاضافى بالموضوع-مصطلح موضوعى
مصطلح موضوعي القران - معانى
650 04 - المدخل الاضافى بالموضوع-مصطلح موضوعى
مصطلح موضوعي القران، القراءات والتجويد
650 04 - المدخل الاضافى بالموضوع-مصطلح موضوعى
مصطلح موضوعي القران - سور وايات
650 04 - المدخل الاضافى بالموضوع-مصطلح موضوعى
مصطلح موضوعي القران - تفاسير
700 1# - المدخل الاضافى - اسم شخصى
الإسم الشخصى عبدالصبور شاهين
الدور مشرف ومراجع
700 0# - المدخل الاضافى - اسم شخصى
الإسم الشخصى ابراهيم دسوقى عبدالعزيز
الدور معد
942 ## - عناصر المدخل الإضافي( كوها)
مصدر التصنيف او مخطط الترفيف Dewey Decimal Classification
Koha [default] item type كتاب
260 ## - PUBLICATION, DISTRIBUTION, ETC. (IMPRINT)
-- [S.N] :
-- مركز الاهرام للترجمة والنشر ،
Holdings
حالة التراجع حالة الفقد حالة تلف ليس للاعارة المكان المؤقت الموقع الحالى تاريخ الاكتساب اجمالي اﻻعارات رقم الطلب الباركود تاريخ اخر مشاهدة تاريخ تفعيل السعر نوع وعاء كوها
        مكتبة القاهرة الكبرى مكتبة القاهرة الكبرى 03/26/2014   227/ف م 69978 03/26/2014 03/26/2014 كتاب
        مكتبة القاهرة الكبرى مكتبة القاهرة الكبرى 03/26/2014   227/ف م 69979 03/26/2014 03/26/2014 كتاب

Powered By

EGPV